00678pam a2200217 a 4500001000800000005001700008008004100025010001700066020002800083040001800111041000800129080002100137082002500158100000700183101000800190245007000198906004500268942001200313999001700325952011800342485006920171214072930.0910411s1991 nyu b 001 0 eng  a 91003792  a031326029X (alk. paper) aDLCcDLCdDLC aeng a016.30542072 MIL00a016.30542072 MIL2201 a50 aSOC10aFeminist research methods :cConnie Miller, with Corinna Treitel. a7bcbccorignewd1eocipf19gy-gencatlg 2ddccBK c38935d38935 00102udc40708PËKGa002b002cPËKGd2017-12-14l0o016.30542072 MILp002-29396r2017-12-14w2017-12-14yBK